Underground excavations in rock /

Bibliographic Details
Main Author: Hoek, Evert, 1933-
Other Authors: Brown, E. T. (Edwin T.), 1938-
Format: Book
Language:English
Published: London : Institution of Mining and Metallurgy, 1980.
Subjects:

MARC

Tag First Indicator Second Indicator Subfields
LEADER 00000cam a2200000 a 4500
001 in00000097622
005 20150924085316.0
008 810302s1980 enka b 00110 eng d
020 |a 0900488549 
020 |a 0900488557 (pbk.) 
035 |a (OCoLC)07183404 
035 |9 AAK9246AM 
040 |a BKM  |c BKM  |d TXA  |d UtOrBLW 
049 |a TXAM  |c [1197338] 
090 |a TA740  |b  H62 
100 1 |a Hoek, Evert,  |d 1933- 
245 1 0 |a Underground excavations in rock /  |c E. Hoek, E.T. Brown. 
264 1 |a London :  |b Institution of Mining and Metallurgy,  |c 1980. 
300 |a 527 pages :  |b illustrations ;  |c 28 cm. 
336 |a text  |b txt  |2 rdacontent 
337 |a unmediated  |b n  |2 rdamedia 
338 |a volume  |b nc  |2 rdacarrier 
500 |a Errata slip inserted. 
504 |a Includes bibliographical references and index. 
650 0 |a Excavation. 
650 0 |a Rock mechanics. 
650 0 |a Underground areas. 
700 1 |a Brown, E. T.  |q (Edwin T.),  |d 1938- 
999 |a MARS 
999 f f |s e97fff11-2f74-385a-8613-deba8428518a  |i c73db1f5-7570-324a-bc7c-3e5c99ae8da7  |t 0 
952 f f |p ric  |a Texas A&M University  |b Rellis Campus  |c Joint Library Facility  |d Remote Storage  |t 0  |e TA740 H62  |h Library of Congress classification  |i unmediated -- volume  |m A14806017507 
998 f f |a TA740 H62  |t 0  |l Remote Storage